| 000 | 00692nam a22001817a 4500 | ||
|---|---|---|---|
| 005 | 20260402144915.0 | ||
| 008 | 260225b |||||||| |||| 00| 0 eng d | ||
| 020 | _a978-178583181-2 | ||
| 050 | _aLB 1555.P 39 2022 | ||
| 100 | _aPAYNE, JO | ||
| 245 | _aMAKING EVERY PRIMARY LESSON COUNT: SIX PRINCIPLES TO SUPPORT GREAT TEACHING AND LEARNING | ||
| 260 |
_aCARMARTHEN, WALES, _bCROWN HOUSE PUBLISHING LIMITED, _c2022, |
||
| 300 | _aX,155, ILL | ||
| 500 | _aINCLUDES BIBLIOGRAPHICAL REFERENCES | ||
| 650 | _a1. Teaching-Methodology-Textbooks 2. Primary education Textbooks 3. Effective teaching-Textbooks 4. Curriculum planning-Textbooks | ||
| 700 | _aSCOTT MEL | ||
| 942 |
_2lcc _cBK |
||
| 999 |
_c216642 _d216642 |
||